Consolidated glossary of administrative terms (English - Hindi) (Record no. 481286)

000 -LEADER
fixed length control field 00539cam a22001217a 4500
008 - FIXED-LENGTH DATA ELEMENTS--GENERAL INFORMATION
fixed length control field 180718b1977. xxu||||| |||| 00| 0 eng d
082 ## - DEWEY DECIMAL CLASSIFICATION NUMBER
Classification number A32x54 In2a
100 ## - MAIN ENTRY--PERSONAL NAME
Personal name India. Commission for Scientific and Technical Terminology
245 ## - TITLE STATEMENT
Title Consolidated glossary of administrative terms (English - Hindi)
Statement of responsibility, etc. by Central Hindi Directorate, Ministry of Education and Social Welfare
260 ## - PUBLICATION, DISTRIBUTION, ETC.
Place of publication, distribution, etc. Delhi.
Name of publisher, distributor, etc. The Controller of Publication
Date of publication, distribution, etc. 1977.
300 ## - PHYSICAL DESCRIPTION
Extent 260p.
700 ## - ADDED ENTRY--PERSONAL NAME
Personal name India. Ministry of Education and Social Welfare. Central Hindi Directorate
Holdings
Withdrawn status Lost status Damaged status Not for loan Permanent Location Current Location Date acquired Full call number Barcode Date last seen Price effective from Koha item type
        Indian Institute of Public Administration Indian Institute of Public Administration 2018-08-04 A32x54 In2a GG17658 2018-08-04 2018-08-04 GG
        Indian Institute of Public Administration Indian Institute of Public Administration 2018-08-04 A32x54 In2a GG17657 2018-08-04 2018-08-04 GG

Powered by Koha